| 000 | 00722nam a2200241Ia 4500 | ||
|---|---|---|---|
| 003 | OSt | ||
| 005 | 20220926012329.0 | ||
| 006 | a|||||r|||| 00| 0 | ||
| 007 | ta | ||
| 008 | 220923b |||||||| |||| 00| 0 eng d | ||
| 020 | _a0521465621 | ||
| 037 | _cGeneral Book | ||
| 040 |
_aRTL _cRTL _beng |
||
| 041 |
_2eng _aeng |
||
| 082 | _aX7:8.1(X).N9, N9 | ||
| 100 |
_aCaprio Gerard and others Ed. _9316188 |
||
| 245 | 0 |
_aFinancial reform _b Theory and experience |
|
| 260 |
_aNew York _bCambridge University Press U S A _c1994 |
||
| 300 |
_axvii, 470p. Bib p. 441-57 _ccm. |
||
| 650 | _aFinance | ||
| 942 |
_hX7:8.1(X).N9, N9 _cGB _2CC |
||
| 999 |
_c622550 _d622550 |
||